| 000 | 00354nam a2200145Ia 4500 | ||
|---|---|---|---|
| 008 | 230917s9999||||xx |||||||||||||| ||und|| | ||
| 040 |
_e43157 _aMAIN |
||
| 041 | _aEnglish | ||
| 082 | _a940.28 T212R | ||
| 100 | _aTaylor, AJP | ||
| 245 | 0 | _aRevolutions and revolutionaries | |
| 260 |
_aLondon _bHamis Hamilton _c1980 |
||
| 300 | _a165 p. | ||
| 942 | _cBK | ||
| 999 |
_c218716 _d218716 |
||